Centres de serveis de proximitat als polígons d'activitat econòmica : criteris per a la planificació, programació, disseny i construcció / criteris per a la planificació, programació, disseny i construcció /
Descripción Física:
241 pàgines (algunes plegades) : il·lustracions ; 30 cm
Materias:
Polígons industrials -- Catalunya
; Sector terciari -- Catalunya -- Planificació
; Planificació estratègica -- Catalunya
Idioma:
Catalán
MARC
| LEADER | 00000nam a2200000 a 4500 | ||
|---|---|---|---|
| 001 | 25959 | ||
| 005 | 20260324181124.0 | ||
| 008 | 160920s2015 spca||| |||| 0|0 0 cat| | ||
| 017 | |a DL B 11035-2016 |b Biblioteca de Catalunya | ||
| 043 | |a e-spc--- | ||
| 080 | |a Bib-674 | ||
| 245 | 1 | 0 | |a Centres de serveis de proximitat als polígons d'activitat econòmica : |b criteris per a la planificació, programació, disseny i construcció / |c coordinació i revisió: Roger Pumares Carceller ; redacció i elaboració de gràfics: Sònia Cantacorps Carmona, Santi Macià Valldeperas |
| 260 | |a [Barcelona] : |b Diputació de Barcelona, |c 2015 | ||
| 300 | |a 241 pàgines (algunes plegades) : |b il·lustracions ; |c 30 cm | ||
| 500 | |a A la portada: Promotors del projecte: Unió Europea, Diputació de Barcelona, Generalitat de Catalunya | ||
| 500 | |a Treball realitzat pel Servei de Teixit Productiu de l'Àrea de Desenvolupament Econòmic Local de la Diputació de Barcelona | ||
| 650 | 0 | |a Polígons industrials |z Catalunya |2 lemac |9 53481 | |
| 650 | 0 | |a Sector terciari |z Catalunya |x Planificació |2 lemac |9 53482 | |
| 650 | 0 | |a Planificació estratègica |z Catalunya |2 lemac |9 3270 | |
| 700 | |a Pumares Carceller, Roger |e director |9 53483 | ||
| 700 | |a Cantacorps Carmona, Sònia |e autor |9 53484 | ||
| 700 | |a Macià Valldeperas, Santi |e autor |9 53485 | ||
| 710 | |a Barcelona (Catalunya : Província). |b Servei de Teixit Productiu |9 53474 | ||
| 908 | |a BC | ||
| 940 | |a BC | ||
| 942 | |2 udc |c ARXIU |n 1 | ||
| 952 | |0 0 |1 0 |4 0 |6 BIB674 |7 1 |9 62424 |a Arxiu |b Arxiu |d 2022-06-16 |l 0 |o Bib-674 |p 25959 |r 2022-06-16 00:00:00 |w 2022-06-16 |y ARXIU | ||
| 999 | |c 82065 |d 82065 | ||